| 000 | 00789cam a22002771 4500 | ||
|---|---|---|---|
| 001 | sa 66001988 | ||
| 003 | DLC | ||
| 005 | 20260227112226.0 | ||
| 008 | 961010m19619999pk b 000 0cpusr | ||
| 010 | _asa 66001988 | ||
| 025 | _aPL480:P-Pushto-34 | ||
| 035 | _a(OCoLC)35713105 | ||
| 040 |
_aDLC _cCLU _dCLU _dDLC |
||
| 042 | _apremarc | ||
| 043 | _aa-pk--- | ||
| 050 | 0 | 0 |
_aPK6804 _b.H34 |
| 100 | 1 | _aKhalīl, Hamesh. | |
| 245 | 1 | 0 |
_aPuṣhtānah līkwal, _cHamesh Khalīl. |
| 250 | _a2nd ed. | ||
| 260 |
_aPeṣhawar Ṣhahar, _bDar al-Taṣnīf _c[1961-] |
||
| 300 |
_av. _c19 cm. |
||
| 504 | _aBibliography: v. 1, p. 397-399. | ||
| 650 | 0 |
_aPoets, Pushto _zPakistan _vBiography. |
|
| 650 | 0 |
_aPoets, Pushto _y20th century _vBiography. |
|
| 650 | 0 |
_aPushto poetry _y20th century. |
|
| 999 |
_c68103 _d68103 |
||